Ensayos sobre identidad: visiones desde México /
Se trata de un conjunto de textos que abordan aspectos de las problemáticas identitarias desde diversas situaciones. Los textos versan sobre temáticas como: la tolerancia; la globalización y etnofagia; la antropología social y la diversidad; los pueblos indios en los Estados nacionales; lo nacional...
Shranjeno v:
| Glavni avtor: | |
|---|---|
| Format: | Knjiga |
| Jezik: | Spanish |
| Izdano: |
República Dominicana:
Ediciones Ferilibro
2010
|
| Teme: | |
| Oznake: |
Označite
Brez oznak, prvi označite!
|
MARC
| LEADER | 00000nam a22000007a 4500 | ||
|---|---|---|---|
| 003 | cru CIDCACS/IIS | ||
| 005 | 20180519062531.0 | ||
| 007 | ta | ||
| 008 | 170518t2010 dr ||||| |||| 00| 0 spa d | ||
| 999 | |c 19326 |d 19326 | ||
| 020 | |a 9789945870794 | ||
| 040 | |c cru CIDCACS/IIS | ||
| 090 | |a 05.02.02 D542e | ||
| 100 | 1 | |9 4776 |a Díaz-Polanco, Héctor | |
| 245 | 1 | |a Ensayos sobre identidad: |b visiones desde México / |c Héctor Díaz-Polanco | |
| 260 | |a República Dominicana: |b Ediciones Ferilibro |c 2010 | ||
| 300 | |a 247 páginas | ||
| 520 | |a Se trata de un conjunto de textos que abordan aspectos de las problemáticas identitarias desde diversas situaciones. Los textos versan sobre temáticas como: la tolerancia; la globalización y etnofagia; la antropología social y la diversidad; los pueblos indios en los Estados nacionales; lo nacional y lo étnico en México; la izquierda frente a la identidad; la autonomía regional zapatista; y los mitos sobre la autonomía. Estos ofrecen una representación del desarrollo de las doctrinas, los enfoques y la controversias fundamentales que se han desplegado en América Latina en la cuestión étnico-nacional en las décadas de 1980, 1990 y 2000. | ||
| 650 | 0 | |9 4465 |a IDENTIDAD CULTURAL | |
| 650 | 1 | 0 | |9 2964 |a GRUPOS ETNICOS |
| 650 | 1 | 0 | |9 388 |a GLOBALIZACION |
| 650 | 1 | 0 | |9 633 |a DISCRIMINACION RACIAL |
| 650 | 1 | 0 | |9 5640 |a ZAPATISMO |
| 651 | 1 | 0 | |a MEXICO |9 3410 |
| 942 | |2 ddc |c LI | ||



